1814 1704 1817 1586 1733 1547 1405 1169 1010 1321 1030 1708 1904 1275 1381 1941 1891 1005 1251 1179 1676 1147 1532 1282 1356 1881 1030 1290 1545 1482 1275 1120 1066 1874 1718 1302 1780 1474 1767 1854 1360 1509 1322 1324 1364 1794 1228 1807 1040 1613 1733 1151 1364 1824 1381 1253 1411 1131 1561 1602 1261 1566 1310 1785 1051 1107 1312 1297 1884 1807 1799 1005 1822 1944 1592 1308 1942 1342 1246 1601 1524 1082 1968 1513 1501 1116 1379 1509 1259 1584 1999 1704 1766 1190 1171 1310 1500 1532 1773 BCNSPRNW ULIB Ver.6.0+V

เปลี่ยนเป็นภาษาไทย

Change to English
 แสดงรายละเอียดบรรณานุกรม
  กลับหน้าหลัก

Brief Record : Get Marc (ISO 2709) : E-mail record : QR code < ปิดหน้าต่าง
LEADER : 00000nam 2200000uu 4500
001    13399114442
003     ULIB
008    120402s2552||||th 000 0 tha d
020    ^a9786110600309
090    ^aนว.^bภ389ส
100 0  ^aภัสรสา
245 00 ^aแสงช่อนเงา/^cภัสรสา
250    ^aพิมพ์ครั้งที่ 2
260    ^aกรุงเทพฯ :^bแจ่มใส,^c2552
300    ^a447 หน้า
710 1  ^aแจ่มใส
945    ^p269^l0^i15768
995    ^aกัณชพร
999    ^aใช้งานได้ทุกระบบ
รายการนี้ยังไม่มีแท็ก
คุณยังไม่ได้ล็อกอิน คุณสามารถมีกิจกรรมร่วมกับเว็บไซต์ได้ แต่ต้องล็อกอินก่อน ::
  ล็อกอิน

รายการสื่อสารสนเทศ

ลำดับที่ ประเภท เลขเรียก/บาร์โค้ด สถานที่ สถานะ
1. นวนิยาย
นวนิยาย
นว. ภ389ส  
  Barcode: 15768
ห้องสมุดวิทยาเขตสวรรค์ประชารักษ์
►นวนิยาย
บนชั้น
  ขอยืม

รายการใกล้เคียง
    ผู้แต่ง [ภัสรสา]

BibComment


ยังไม่เคยถูกคอมเมนท์

คอมเมนท์ทรัพยากรรายการนี้
  คอมเมนท์: แสงช่อนเงา ภัสรสา


 Copyright 2026. Bcnsprnw @Library